| 000 | 00997nam a22002297a 4500 | ||
|---|---|---|---|
| 999 |
_c2637 _d2637 |
||
| 003 | AR-CdUCM | ||
| 008 | 190305b ||||| |||| 00| 0 spa d | ||
| 040 |
_aMUNICIPALIDAD PROVINCIAL DEL CUSCO _cBIBLIOTECA MUNICIPAL DEL CUSCO |
||
| 041 | _hjpn | ||
| 082 |
_a330.15 / _bSH555 |
||
| 100 |
_aShigueto, Tsuru _99274 |
||
| 245 |
_a¿A dónde va el capitalismo? : _bSymposium internacional / |
||
| 260 |
_aBarcelona : _bOikos-Tau, _c1967 |
||
| 300 |
_a167 paginas ; _c21 cm. |
||
| 505 | _aShigueto, Tsuru ¿ha cambiado el capitalismo? -- Jhon Strachey : capitalismo moderno y democracia -- Paul M. Sweezy: capitalismo monopolista y socialismo -- Charles O.Bettelheim : comentario a las tesis de Tsuru -- Yakov A. Kronrod : cambios estructurales en la economía capitalista y crisis cíclicas... | ||
| 650 |
_aEl capitalismo _97569 |
||
| 650 |
_aEstructura social _92893 |
||
| 650 |
_aEl monopolio _99275 |
||
| 700 |
_aCapdevila, Martín (Traductor) _99276 |
||
| 942 |
_2ddc _cLIBROS |
||
| 945 | _awnts | ||